00601nam a2200169Ia 4500008004100000041000800041082001800049100002300067245003700090260002800127300000800155365001600163700002300179906002800202999001900230952018200249230718s9999 xx 000 0 und d aeng a954.9045bDIX aDixit J.N.9111020 aIndia-Pakistan In War And Peace c2002bIndia Today Group a500 cRs.b595.00 aDixit J.N.9111020 dB:471313-Jun-2002cINST c303725d303725 00102ddc4074aCCEPbCCEPd2002-06-28eTechnical Book ServicesfINSTg595.00i4713l1o954.9045pCCEP-BK-14932r2024-11-15 00:00:00s2023-10-31v595.00w2002-06-13yBKz014932